|
|
|
|
| LEADER |
01060naa a2200217 i 4500 |
| 001 |
acta87869 |
| 005 |
20250605115415.0 |
| 008 |
250605s2025 hu o 100 hun d |
| 020 |
|
|
|a 978-963-688-043-9
|
| 040 |
|
|
|a SZTE Egyetemi Kiadványok Repozitórium
|b hun
|
| 041 |
|
|
|a hun
|
| 100 |
1 |
|
|a Hamarics Kristóf
|
| 245 |
1 |
0 |
|a Ateizmus, deizmus, nonkonformizmus és királyi fejvesztés a 18. század végi brit karikatúrákon
|h [elektronikus dokumentum] :
|b [absztrakt] /
|c Hamarics Kristóf
|
| 260 |
|
|
|a Szegedi Tudományegyetem Bölcsészet- és Társadalomtudományi Kar
|b Szeged
|c 2025
|
| 300 |
|
|
|a 539
|
| 490 |
0 |
|
|a Országos Tudományos Diákköri Konferencia : Humán Tudományi Szekció
|
| 650 |
|
4 |
|a Bölcsészettudományok
|
| 650 |
|
4 |
|a Történettudomány és régészet
|
| 695 |
|
|
|a Karikatúra - angol - 18. sz. vége - előadáskivonat, Anglikán egyház - 18. sz. vége - előadáskivonat
|
| 710 |
|
|
|a Országos Tudományos Diákköri Konferencia (37.)
|c Szeged
|
| 856 |
4 |
0 |
|u http://acta.bibl.u-szeged.hu/87869/1/otdk_2025_human_539.pdf
|z Dokumentum-elérés
|